[Event "Druga liga CS Istok 2016"]
[Site "Kragujevac"]
[Date "2016.10.07"]
[Round "8.1"]
[White "ZIVKOVIC, Marko"]
[Black "RADOSAVLJEVIC, Slobodan D"]
[Result "1/2-1/2"]
[WhiteElo "2216"]
[BlackElo "2195"]
[PlyCount "27"]
[EventDate "2016.08.26"]

1. d4 c5 2. d5 Nf6 3. Nc3 g6 4. e4 d6 5. Nf3 Bg7 6. Be2 O-O 7. O-O Na6 8. Re1
Nc7 9. a4 a6 10. Bf4 h6 11. Bc4 Bg4 12. Qd2 Bxf3 13. gxf3 Qd7 14. Bf1 1/2-1/2

[Event "Druga liga CS Istok 2016"]
[Site "Kragujevac"]
[Date "2016.10.07"]
[Round "8.1"]
[White "SPASOJEVIC, Zoran M"]
[Black "LIVAJA, Mario"]
[Result "1/2-1/2"]
[WhiteElo "2229"]
[BlackElo "2218"]
[PlyCount "51"]
[EventDate "2016.08.26"]

1. e4 c5 2. Nf3 Nc6 3. Bb5 e6 4. O-O Nge7 5. d4 cxd4 6. Nxd4 a6 7. Be2 Nxd4 8.
Qxd4 Nc6 9. Qe3 Be7 10. Qg3 Bf6 11. Nc3 h5 12. f4 h4 13. Qe1 Bd4+ 14. Kh1 d6
15. Bd3 b5 16. Ne2 Ba7 17. a4 b4 18. c3 Rb8 19. Bd2 Bc5 20. h3 Qb6 21. a5 Qa7
22. Ng1 bxc3 23. Bxc3 Kf8 24. Nf3 Bd7 25. Nxh4 d5 26. f5 1/2-1/2

[Event "Druga liga CS Istok 2016"]
[Site "Kragujevac"]
[Date "2016.10.07"]
[Round "8.1"]
[White "IVANOVIC, Zoran M"]
[Black "DJORDJEVIC, Dejan N"]
[Result "1/2-1/2"]
[WhiteElo "2026"]
[BlackElo "2162"]
[PlyCount "37"]
[EventDate "2016.08.26"]

1. e4 c5 2. Nf3 Nc6 3. d4 cxd4 4. Nxd4 Nf6 5. Nc3 Qb6 6. Nb3 e6 7. Be3 Qc7 8.
f4 d6 9. Be2 a6 10. a4 b6 11. Bf3 Rb8 12. O-O Be7 13. Qd2 O-O 14. g4 b5 15. g5
b4 16. Ne2 Nd7 17. Ng3 f6 18. Bg4 Nb6 19. Qd3 1/2-1/2

[Event "Druga liga CS Istok 2016"]
[Site "Kragujevac"]
[Date "2016.10.07"]
[Round "8.1"]
[White "OSTOJIC, Milos R"]
[Black "BLAGOJEVIC, Vladan"]
[Result "1/2-1/2"]
[WhiteElo "2067"]
[BlackElo "2112"]
[PlyCount "39"]
[EventDate "2016.08.26"]

1. e4 c5 2. c3 g6 3. d4 cxd4 4. cxd4 Bg7 5. Nc3 d6 6. h3 Nf6 7. Nf3 O-O 8. Bc4
Nxe4 9. Bxf7+ Rxf7 10. Nxe4 Qa5+ 11. Bd2 Qd5 12. Nc3 Qe6+ 13. Be3 h6 14. d5
Bxc3+ 15. bxc3 Qe4 16. Qb1 Qxb1+ 17. Rxb1 Kh7 18. Nd4 b6 19. O-O Na6 20. Nb3
1/2-1/2

[Event "Druga liga CS Istok 2016"]
[Site "Kragujevac"]
[Date "2016.10.07"]
[Round "8.1"]
[White "MILIC, Ivica"]
[Black "KRSTIC, Zoran"]
[Result "1/2-1/2"]
[WhiteElo "1995"]
[BlackElo "1945"]
[PlyCount "35"]
[EventDate "2016.08.26"]

1. e4 c6 2. d4 d5 3. exd5 cxd5 4. Bd3 Nf6 5. c3 Nc6 6. Bf4 Bg4 7. Qb3 Qc8 8.
Nd2 e6 9. Ngf3 Bh5 10. O-O Be7 11. Ne5 O-O 12. h3 Nxe5 13. Bxe5 Bg6 14. Bxg6
hxg6 15. Rae1 Qc6 16. Bxf6 Bxf6 17. f4 b5 18. Nf3 1/2-1/2

[Event "Druga liga CS Istok 2016"]
[Site "Kragujevac"]
[Date "2016.10.07"]
[Round "8.1"]
[White "NIKOLIC, Mila   *"]
[Black "RADISAVLJEVIC, Dalibor   **"]
[Result "1/2-1/2"]
[WhiteElo "1930"]
[BlackElo "1685"]
[PlyCount "38"]
[EventDate "2016.08.26"]

1. e4 c5 2. c3 d6 3. d4 Nf6 4. dxc5 Nc6 5. Bd3 dxc5 6. Qe2 g6 7. Be3 b6 8. f3
Bg7 9. Nd2 O-O 10. Rd1 Qc7 11. Nh3 Bxh3 12. gxh3 Rad8 13. Bb5 Ne8 14. Bf2 Nd6
15. Bg3 e5 16. Bxc6 Qxc6 17. Nf1 Qd7 18. Ne3 Qxh3 19. Nd5 Rd7 1/2-1/2

[Event "Druga liga CS Istok 2016"]
[Site "Kragujevac"]
[Date "2016.10.07"]
[Round "8.2"]
[White "POPCHEV, Milko"]
[Black "PAVLOVIC, Goran"]
[Result "1/2-1/2"]
[WhiteElo "2283"]
[BlackElo "2359"]
[PlyCount "104"]
[EventDate "2016.08.26"]

1. b3 d5 2. Bb2 e6 3. Nf3 Nf6 4. g3 Be7 5. Bg2 O-O 6. O-O c5 7. e3 b6 8. d4 Ba6
9. Re1 Nc6 10. Ne5 Rc8 11. Nd2 cxd4 12. exd4 Nxe5 13. dxe5 Nd7 14. Nf3 Qc7 15.
Rc1 Rfd8 16. Nd4 Bf8 17. Qd2 Nc5 18. Qf4 Rd7 19. h4 Qd8 20. Bh3 Qe8 21. f3 Rdc7
22. Qd2 Nd7 23. Kh2 Nc5 24. Re3 g6 25. Ree1 Bg7 26. Qe3 Qf8 27. Ba3 Bh6 28. f4
Qe8 29. Bg2 Bf8 30. Bb2 Nd7 31. Qd2 Nc5 32. Qe3 Nd7 33. a4 Bb4 34. c3 Bf8 35.
b4 Bc4 36. Nb5 Rb7 37. Na3 a5 38. Nxc4 Rxc4 39. Bf1 Re4 40. Qd2 axb4 41. Rxe4
bxc3 42. Qxc3 dxe4 43. Qc6 Qb8 44. Qxe4 Nc5 45. Qc2 Rd7 46. Rd1 Rxd1 47. Qxd1
Qa8 48. Bb5 Qe4 49. Bd4 Qd5 50. Qg1 Nxa4 51. Bxa4 Qa2+ 52. Qf2 Qxa4 1/2-1/2

[Event "Druga liga CS Istok 2016"]
[Site "Kragujevac"]
[Date "2016.10.07"]
[Round "8.2"]
[White "DINEV, Dejan"]
[Black "RISTIC, Nebojsa B"]
[Result "1/2-1/2"]
[WhiteElo "2292"]
[BlackElo "2315"]
[PlyCount "92"]
[EventDate "2016.08.26"]

1. e4 e6 2. d4 d5 3. Nc3 Bb4 4. exd5 exd5 5. Bd3 c6 6. Nge2 Bg4 7. O-O Ne7 8.
f3 Bf5 9. Ng3 Bxd3 10. Qxd3 O-O 11. Nce2 Bd6 12. c3 Nd7 13. Bd2 h6 14. a4 Nf6
15. b4 a6 16. a5 Qc7 17. Rfe1 Rfe8 18. Kf2 Ng6 19. Nf5 Re6 20. g3 Rae8 21. Rad1
Qd7 22. Nxd6 Qxd6 23. Nc1 Rxe1 24. Rxe1 Rxe1 25. Kxe1 Qe6+ 26. Qe2 Qxe2+ 27.
Kxe2 Nd7 28. Nb3 f5 29. Nc1 Kf7 30. Nd3 Ngf8 31. h4 Ne6 32. Bf4 g5 33. hxg5
hxg5 34. Bd6 Kg6 35. Be5 g4 36. f4 Nf6 37. Bxf6 Kxf6 38. Ne5 Ke7 39. Nd3 Kd6
40. Nc5 Nxc5 41. bxc5+ Kd7 42. Kd3 Kc7 43. Kc2 Kd7 44. Kb3 Kc7 45. Kb4 Kd7 46.
c4 Kc7 1/2-1/2

[Event "Druga liga CS Istok 2016"]
[Site "Kragujevac"]
[Date "2016.10.07"]
[Round "8.2"]
[White "DJORDJEVIC, Nebojsa"]
[Black "DJOKIC, Nebojsa"]
[Result "1/2-1/2"]
[WhiteElo "2299"]
[BlackElo "2231"]
[PlyCount "72"]
[EventDate "2016.08.26"]

1. d4 Nf6 2. c4 g6 3. Nc3 Bg7 4. e4 d6 5. f3 O-O 6. Be3 c5 7. d5 e6 8. dxe6
Bxe6 9. Bd3 Nc6 10. Nge2 Ne5 11. b3 Nxd3+ 12. Qxd3 Qa5 13. O-O Rfd8 14. Rac1 a6
15. a4 b5 16. axb5 axb5 17. Nxb5 d5 18. exd5 Nxd5 19. Bg5 Rd7 20. Bd2 Nb4 21.
Qe3 Qa2 22. Bxb4 cxb4 23. Rcd1 Rad8 24. Rxd7 Rxd7 25. Ned4 Qb2 26. Nxe6 Re7 27.
Qf2 Rxe6 28. Qxb2 Bxb2 29. Kf2 Ra6 30. Rd1 Be5 31. g3 Ra2+ 32. Kg1 Rc2 33. f4
Bf6 34. Rd7 Kf8 35. h4 Rc3 36. Kg2 Rxb3 1/2-1/2

[Event "Druga liga CS Istok 2016"]
[Site "Kragujevac"]
[Date "2016.10.07"]
[Round "8.2"]
[White "MADJAR, Stanislav"]
[Black "KULAK, Dejan"]
[Result "1/2-1/2"]
[WhiteElo "2189"]
[BlackElo "2237"]
[PlyCount "46"]
[EventDate "2016.08.26"]

1. c4 e5 2. g3 Nc6 3. Bg2 f5 4. Nc3 Nf6 5. e3 g6 6. Nge2 Bg7 7. O-O O-O 8. d3
Ne7 9. e4 d6 10. Nd5 c6 11. Nxf6+ Bxf6 12. Nc3 Be6 13. Be3 Qd7 14. f4 exf4 15.
Bxf4 fxe4 16. Bxe4 Bh3 17. Bg2 Bd4+ 18. Kh1 Bxg2+ 19. Kxg2 Nf5 20. Qd2 Rae8 21.
Rae1 Bg7 22. Rxe8 Rxe8 23. Re1 Rxe1 1/2-1/2

[Event "Druga liga CS Istok 2016"]
[Site "Kragujevac"]
[Date "2016.10.07"]
[Round "8.2"]
[White "DJUKIC, Nebojsa"]
[Black "ILIC, Aleksandar"]
[Result "1-0"]
[WhiteElo "2196"]
[BlackElo "2156"]
[PlyCount "63"]
[EventDate "2016.08.26"]

1. e4 c5 2. c4 d6 3. Nc3 Nc6 4. Nge2 e5 5. d3 Be7 6. f4 Bg4 7. Qa4 Bxe2 8. Bxe2
Nf6 9. O-O O-O 10. Be3 a6 11. fxe5 dxe5 12. Nd5 Nxd5 13. cxd5 Nd4 14. Bxd4 b5
15. Qb3 cxd4 16. Rac1 Bg5 17. Rc6 Qd7 18. h3 Bf4 19. Rf3 f5 20. Rxf4 exf4 21.
e5 Rae8 22. e6 Qe7 23. Bf3 Kh8 24. Qc2 g5 25. Rc7 Qf6 26. Qe2 g4 27. hxg4 fxg4
28. Qe4 Re7 29. Rxe7 Qxe7 30. Qe5+ Qg7 31. e7 Rg8 32. e8=Q 1-0

[Event "Druga liga CS Istok 2016"]
[Site "Kragujevac"]
[Date "2016.10.07"]
[Round "8.2"]
[White "DJUKIC, Slobodan D"]
[Black "BOZILOV, Dragan   *"]
[Result "1-0"]
[WhiteElo "2151"]
[BlackElo "2087"]
[PlyCount "79"]
[EventDate "2016.08.26"]

1. e4 e5 2. Nf3 Nc6 3. Bb5 a6 4. Ba4 Nf6 5. O-O Be7 6. d3 b5 7. Bb3 d6 8. c3
Nb8 9. a4 Bb7 10. Re1 Nbd7 11. axb5 axb5 12. Rxa8 Qxa8 13. Nbd2 O-O 14. Nf1 Nc5
15. Bc2 Re8 16. Ng3 g6 17. Bg5 Nfd7 18. Bd2 Bf8 19. Qb1 Bg7 20. b4 Ne6 21. Bb3
Ndf8 22. Nf1 Qa3 23. Bc1 Qa6 24. Ne3 Nf4 25. Ng5 N8e6 26. Nxe6 Nxe6 27. Bb2 c6
28. Qc2 Qb6 29. Ra1 Nf4 30. g3 Ne6 31. Qd1 h5 32. c4 Nd4 33. cxb5 Nxb3 34. Qxb3
Qxb5 35. Nc4 Bf8 36. Ra5 d5 37. Rxb5 dxc4 38. Qxc4 cxb5 39. Qxb5 Re7 40. Bxe5
1-0

[Event "Druga liga CS Istok 2016"]
[Site "Kragujevac"]
[Date "2016.10.07"]
[Round "8.2"]
[White "STOIMENOV, Roki"]
[Black "PETROVIC, Tamara   **"]
[Result "1/2-1/2"]
[WhiteElo "2002"]
[BlackElo "1912"]
[PlyCount "80"]
[EventDate "2016.08.26"]

1. Nf3 Nf6 2. g3 g6 3. Bg2 Bg7 4. O-O O-O 5. c4 c5 6. Nc3 Nc6 7. d4 cxd4 8.
Nxd4 Qb6 9. e3 d6 10. Na4 Qc7 11. Nb5 Qd8 12. Qe2 a6 13. Nd4 Qc7 14. Bd2 Bd7
15. Nc3 Rac8 16. Nxc6 Bxc6 17. Nd5 Nxd5 18. Bxd5 Bxd5 19. cxd5 Bxb2 20. Rab1
Qc2 21. Rfd1 b5 22. Qe1 Bg7 23. a3 Qa2 24. Bb4 Rc2 25. Rbc1 Rxc1 26. Rxc1 Qxd5
27. Rc7 Bf6 28. Qc1 Qa8 29. Ba5 d5 30. Qc5 Re8 31. Ra7 Qc8 32. Qxd5 Qc1+ 33.
Kg2 Qxa3 34. Rxa6 b4 35. Qb5 Rc8 36. Bxb4 Qb2 37. Ra4 Qc2 38. Qb7 Qc6+ 39. Qxc6
Rxc6 40. Ra8+ Kg7 1/2-1/2

[Event "Druga liga CS Istok 2016"]
[Site "Kragujevac"]
[Date "2016.10.07"]
[Round "8.2"]
[White "PETROVIC, Tijana   **"]
[Black "DJORDJEVIC, Lazar   **"]
[Result "0-1"]
[WhiteElo "1811"]
[BlackElo "1959"]
[PlyCount "58"]
[EventDate "2016.08.26"]

1. e4 c5 2. Nf3 e6 3. d4 cxd4 4. Nxd4 d6 5. Nc3 a6 6. Be3 b5 7. Qd2 Nf6 8. f3
Bb7 9. g4 h6 10. O-O-O Nbd7 11. Kb1 d5 12. exd5 Nxd5 13. Nxd5 Bxd5 14. Bg2 Ne5
15. h4 Rc8 16. g5 Nc4 17. Qd3 Bc5 18. g6 Qf6 19. gxf7+ Kxf7 20. Bc1 Rhd8 21.
Nb3 Be3 22. c3 Bxf3 23. Qc2 Rxd1 24. Rxd1 Bxd1 25. Qxd1 Bxc1 26. Qd7+ Qe7 27.
Qxc8 Bxb2 28. Qxa6 Bxc3 29. Qxb5 Na3+ 0-1

[Event "Druga liga CS Istok 2016"]
[Site "Kragujevac"]
[Date "2016.10.07"]
[Round "8.5"]
[White "JOVIC, Stanoje"]
[Black "DRASKO, Milan"]
[Result "1/2-1/2"]
[WhiteElo "2310"]
[BlackElo "2453"]
[PlyCount "22"]
[EventDate "2016.08.26"]

1. c4 e6 2. Nc3 Bb4 3. Qc2 Nf6 4. e4 Nc6 5. Nf3 d6 6. d4 Bxc3+ 7. bxc3 e5 8.
dxe5 dxe5 9. Ba3 Ng8 10. Be2 Qf6 11. O-O Nge7 1/2-1/2

[Event "Druga liga CS Istok 2016"]
[Site "Kragujevac"]
[Date "2016.10.07"]
[Round "8.5"]
[White "DMITROVIC, Tomislav"]
[Black "MARKOVIC, Marko"]
[Result "1/2-1/2"]
[WhiteElo "2258"]
[BlackElo "2226"]
[PlyCount "25"]
[EventDate "2016.08.26"]

1. c4 c5 2. Nc3 Nc6 3. Nf3 Nf6 4. d4 cxd4 5. Nxd4 e6 6. Ndb5 d6 7. Bf4 e5 8.
Bg5 a6 9. Bxf6 gxf6 10. Na3 Be6 11. e3 Bg7 12. Be2 O-O 13. O-O 1/2-1/2

[Event "Druga liga CS Istok 2016"]
[Site "Kragujevac"]
[Date "2016.10.07"]
[Round "8.5"]
[White "RAICEVIC, Ivica"]
[Black "ZAFIROVSKI, Mite"]
[Result "1/2-1/2"]
[WhiteElo "2187"]
[BlackElo "2241"]
[PlyCount "22"]
[EventDate "2016.08.26"]

1. c4 Nf6 2. Nc3 e6 3. Nf3 Bb4 4. a3 Bxc3 5. bxc3 d6 6. g3 e5 7. d3 Qe7 8. e4
h6 9. Bg2 O-O 10. h3 Nbd7 11. O-O Nc5 1/2-1/2

[Event "Druga liga CS Istok 2016"]
[Site "Kragujevac"]
[Date "2016.10.07"]
[Round "8.5"]
[White "TRIFUNOVIC, Miroljub"]
[Black "TERZIC, Goran"]
[Result "0-1"]
[WhiteElo "2220"]
[BlackElo "2232"]
[PlyCount "68"]
[EventDate "2016.08.26"]

1. d4 Nc6 2. Nf3 d6 3. d5 Ne5 4. Nxe5 dxe5 5. e4 e6 6. Bb5+ Bd7 7. Qe2 a6 8.
Bc4 exd5 9. exd5 Bd6 10. O-O f5 11. f4 e4 12. a4 Nf6 13. Be3 O-O 14. Bb3 Kh8
15. Nd2 Qe7 16. h3 Bc5 17. Kh2 b5 18. Qf2 Bxe3 19. Qxe3 bxa4 20. Ba2 Rab8 21.
Qd4 Qb4 22. Nc4 Rb5 23. c3 Qe7 24. Qa7 Nxd5 25. Qxa6 Rbb8 26. Qa5 Bb5 27. Rfd1
Nxf4 28. Ne3 Bd3 29. Rd2 Qg5 30. Rad1 Nxh3 31. Qc5 Nf4 32. Qxc7 Ne2 33. Rxe2
Bxe2 34. Rd5 Qh6+ 0-1

[Event "Druga liga CS Istok 2016"]
[Site "Kragujevac"]
[Date "2016.10.07"]
[Round "8.5"]
[White "MILJKOVIC, Mihajlo"]
[Black "MAKSIMOVIC, Boban"]
[Result "1-0"]
[WhiteElo "2250"]
[BlackElo "2219"]
[PlyCount "125"]
[EventDate "2016.08.26"]

1. d4 Nf6 2. c4 e6 3. Nc3 d5 4. cxd5 exd5 5. Bg5 Be7 6. Qc2 c6 7. e3 O-O 8. Bd3
Nbd7 9. Nf3 Re8 10. O-O h6 11. Bf4 Nh5 12. Nxd5 Nxf4 13. Nxf4 Bd6 14. Ne2 Nf8
15. e4 Bg4 16. e5 Bxf3 17. gxf3 Bc7 18. Rad1 Qh4 19. Bc4 Ne6 20. Qe4 Ng5 21.
Qg4 h5 22. Qg3 Rad8 23. f4 Qxg3+ 24. hxg3 Ne6 25. d5 cxd5 26. Bxd5 Re7 27. Nc3
Bb6 28. Bxe6 Rxe6 29. Rxd8+ Bxd8 30. Rd1 Ba5 31. Ne4 Re7 32. Rd5 Bb6 33. Nc3 a6
34. Kg2 Kf8 35. Kf3 Ke8 36. Ne4 Bc7 37. Rd1 Kf8 38. Rh1 g6 39. Rd1 Kg7 40. Nf6
Kf8 41. Rd3 Kg7 42. Ke4 Bb8 43. a3 Bc7 44. Nd5 Rd7 45. Rc3 Bb8 46. Rc2 Ba7 47.
f3 Kh6 48. g4 hxg4 49. fxg4 Kg7 50. Rc8 g5 51. f5 Bg1 52. Rc7 Rxc7 53. Nxc7 Bb6
54. Ne8+ Kf8 55. Nd6 a5 56. a4 Bc5 57. Nxb7 Bb4 58. Kd5 Ke7 59. Nd6 Bd2 60. f6+
Kf8 61. Ke4 Be1 62. Kf5 Bg3 63. Nc4 1-0

[Event "Druga liga CS Istok 2016"]
[Site "Kragujevac"]
[Date "2016.10.07"]
[Round "8.5"]
[White "TOSIC, Nebojsa"]
[Black "RADIVOJEVIC, Tomislav"]
[Result "1-0"]
[WhiteElo "2148"]
[BlackElo "2171"]
[PlyCount "93"]
[EventDate "2016.08.26"]

1. e4 c6 2. d4 d5 3. e5 Bf5 4. h4 h5 5. c4 dxc4 6. Bxc4 e6 7. Nc3 Nd7 8. Nge2
Nb6 9. Bb3 Be7 10. Ng3 Bg6 11. Nce4 Nd5 12. Bg5 f6 13. Bd2 Qb6 14. exf6 gxf6
15. Bc3 O-O-O 16. Qe2 Bf7 17. O-O-O Kb8 18. Kb1 a5 19. Ka1 Rh7 20. Qf3 Qc7 21.
Ne2 Rg7 22. g3 f5 23. Nd2 Ngf6 24. Nc4 Bb4 25. Bc2 Nd7 26. a3 Bxc3 27. Nxc3 b5
28. Nxd5 cxd5 29. Ne3 Rc8 30. Qe2 Qb6 31. Bd3 b4 32. Ba6 Rc6 33. Bb5 Rc7 34.
Nxd5 exd5 35. Bxd7 Qd6 36. Ba4 bxa3 37. Rd3 Rb7 38. bxa3 f4 39. Rc1 Bg6 40.
Rdc3 Rge7 41. Qd2 Ka7 42. Rc5 Bf5 43. Qxa5+ Kb8 44. Bc6 fxg3 45. fxg3 Qxg3 46.
Bxb7 Rxb7 47. Qd8+ 1-0

[Event "Druga liga CS Istok 2016"]
[Site "Kragujevac"]
[Date "2016.10.07"]
[Round "8.5"]
[White "ARSIC, Djordje  **"]
[Black "MILOSEVIC, Jovana   **"]
[Result "1-0"]
[WhiteElo "2206"]
[BlackElo "2081"]
[PlyCount "89"]
[EventDate "2016.08.26"]

1. e4 d6 2. d4 Nf6 3. Nc3 e5 4. Nf3 Nbd7 5. Bc4 Be7 6. a4 a5 7. h3 O-O 8. O-O
c6 9. Re1 Nb6 10. Ba2 Nfd7 11. Be3 exd4 12. Bxd4 Qc7 13. Qd2 Ne5 14. Qe3 Nbd7
15. Rad1 Bf6 16. Nh2 Be7 17. Qg3 Ng6 18. Rf1 Re8 19. f4 Bf6 20. Qd3 Be7 21. Qc4
Rf8 22. Nd5 Qd8 23. Nxe7+ Qxe7 24. Qc3 Nf6 25. e5 dxe5 26. fxe5 Ne4 27. Qe3 c5
28. Qxe4 cxd4 29. Rxd4 Be6 30. Bxe6 Qxe6 31. Nf3 Rae8 32. Re1 Qb6 33. b3 Rd8
34. Kh1 Rxd4 35. Nxd4 Re8 36. Nf3 h6 37. Rd1 Qf2 38. Rd2 Qg3 39. Qxb7 Nxe5 40.
Qc7 f6 41. Rd8 Rxd8 42. Qxd8+ Kh7 43. Qxa5 Ng6 44. Qf5 Kh8 45. Qg4 1-0

[Event "Druga liga CS Istok 2016"]
[Site "Kragujevac"]
[Date "2016.10.07"]
[Round "8.5"]
[White "LAZOVIC, Bozidar   *"]
[Black "DJORDJEVIC, Danilo   **"]
[Result "1/2-1/2"]
[WhiteElo "1886"]
[BlackElo "2139"]
[PlyCount "80"]
[EventDate "2016.08.26"]

1. Nf3 Nf6 2. g3 b6 3. Bg2 Bb7 4. O-O e6 5. b3 Be7 6. Bb2 d6 7. d3 O-O 8. Nbd2
e5 9. e4 Ne8 10. d4 exd4 11. Nxd4 Bf6 12. Qc1 d5 13. Nf5 Bxb2 14. Qxb2 Bc8 15.
c4 dxc4 16. Nxc4 Bxf5 17. exf5 c6 18. Rfd1 Qc8 19. Qc2 Qc7 20. Ne3 Nf6 21. Rac1
Rc8 22. Qc4 a5 23. g4 h6 24. h4 Ra7 25. g5 Nh7 26. gxh6 gxh6 27. Ng4 h5 28. Ne3
Qe5 29. Rd5 Qf6 30. Rd4 Rac7 31. Rcd1 b5 32. Qe2 Qh6 33. Rd6 Nf6 34. Nf1 Nbd7
35. Ng3 Qf4 36. R1d4 Qc1+ 37. Rd1 Qf4 38. R6d4 Qh6 39. Rd6 Qf4 40. R1d4 Qc1+
1/2-1/2

[Event "Druga liga CS Istok 2016"]
[Site "Kragujevac"]
[Date "2016.10.07"]
[Round "8.6"]
[White "BULATOVIC, Nikola   *"]
[Black "POPOVIC, Predrag R"]
[Result "0-1"]
[WhiteElo "2101"]
[BlackElo "2257"]
[PlyCount "71"]
[EventDate "2016.08.26"]

1. e4 e6 2. Qe2 c5 3. g3 Nc6 4. c3 d5 5. d3 Nf6 6. f4 Be7 7. Bg2 O-O 8. e5 Nd7
9. Nh3 f6 10. exf6 Rxf6 11. O-O Nf8 12. Nd2 Bd7 13. Nf3 Ng6 14. Re1 Bd6 15. Nf2
Qc7 16. Ng5 h6 17. Ng4 hxg5 18. Nxf6+ gxf6 19. Qh5 Kg7 20. fxg5 fxg5 21. Qxg5
Rh8 22. Rf1 Qd8 23. Qxd8 Nxd8 24. Bg5 Be7 25. Bxe7 Nxe7 26. h3 Nf5 27. g4 Ne3
28. Rf3 d4 29. cxd4 Nxg2 30. Kxg2 Bc6 31. dxc5 Bxf3+ 32. Kxf3 Rxh3+ 33. Ke4 Rg3
34. Ke5 Rxd3 35. b4 Rd5+ 36. Ke4 0-1

[Event "Druga liga CS Istok 2016"]
[Site "Kragujevac"]
[Date "2016.10.07"]
[Round "8.6"]
[White "BURA, Goran"]
[Black "DIMITRIJEVIC, Zoran"]
[Result "1-0"]
[WhiteElo "2214"]
[BlackElo "2113"]
[PlyCount "117"]
[EventDate "2016.08.26"]

1. e4 d5 2. exd5 Qxd5 3. Nc3 Qd8 4. Bc4 Nf6 5. Nf3 e6 6. d4 c6 7. O-O Be7 8.
Re1 Nbd7 9. a4 O-O 10. Qe2 Nb6 11. Bb3 a5 12. Bf4 Nbd5 13. Bd2 Qc7 14. Ne5 Bd7
15. Ne4 Nxe4 16. Qxe4 f5 17. Qe2 Bc8 18. Rad1 Bd6 19. c4 Nf6 20. c5 Bxe5 21.
Qxe5 Qxe5 22. Rxe5 Nd5 23. Rde1 Kf7 24. Bxd5 cxd5 25. R5e3 Bd7 26. Rb3 Bc6 27.
Rb6 Rfe8 28. h4 h6 29. Bf4 Re7 30. b3 Ra7 31. Re3 h5 32. Be5 g6 33. Kh2 Re8 34.
Bf4 Ra6 35. Bg5 Rxb6 36. cxb6 Rc8 37. Bf4 Bd7 38. Bc7 Kf6 39. Kg3 Ra8 40. Kf4
Rg8 41. Rc3 Rc8 42. Rc5 e5+ 43. Bxe5+ Ke6 44. Bc7 Ra8 45. Rc3 Rc8 46. Rc5 Ra8
47. Kg5 Kf7 48. f3 Be6 49. Kf4 Bd7 50. Kg5 Be6 51. g3 Bd7 52. Be5 Rc8 53. Rxd5
Bc6 54. Rc5 Bd7 55. Rxa5 Rc3 56. Ra7 Rxb3 57. Rxb7 Ke6 58. a5 Bc6 59. Rg7 1-0

[Event "Druga liga CS Istok 2016"]
[Site "Kragujevac"]
[Date "2016.10.07"]
[Round "8.6"]
[White "NJEGIC, Vladimir"]
[Black "VUKASINOVIC, Sasa"]
[Result "1-0"]
[WhiteElo "2123"]
[BlackElo "2051"]
[PlyCount "85"]
[EventDate "2016.08.26"]

1. e4 c5 2. Nf3 d6 3. g3 Nc6 4. Bg2 g6 5. d3 Bg7 6. O-O Nf6 7. c3 O-O 8. Re1
Bg4 9. Nbd2 Qd7 10. Nf1 Ne5 11. Ne3 Bxf3 12. Bxf3 Nxf3+ 13. Qxf3 e6 14. Nc2 Qc7
15. Bf4 Nd7 16. a4 Ne5 17. Qe2 c4 18. dxc4 Qxc4 19. Bxe5 Qxe2 20. Rxe2 Bxe5 21.
f4 Bf6 22. Rd1 Rfd8 23. Red2 Be7 24. Na3 d5 25. exd5 Bxa3 26. bxa3 Rxd5 27.
Rxd5 exd5 28. Rxd5 Rc8 29. Rd7 Rc4 30. Rxb7 Rxa4 31. Rb3 Rc4 32. Kf2 a5 33. Ke3
Kg7 34. Kd3 Rc5 35. c4 Rc7 36. Rb5 a4 37. Kd4 Kf6 38. Re5 Rd7+ 39. Rd5 Rb7 40.
Rb5 Rc7 41. Ra5 Rb7 42. c5 Rb3 43. c6 1-0

[Event "Druga liga CS Istok 2016"]
[Site "Kragujevac"]
[Date "2016.10.07"]
[Round "8.6"]
[White "DJORDJEVIC, Miroslav"]
[Black "RAJKOVIC, Aleksandar"]
[Result "0-1"]
[WhiteElo "1963"]
[BlackElo "2150"]
[PlyCount "80"]
[EventDate "2016.08.26"]

1. f4 Nf6 2. Nf3 d5 3. e3 a6 4. b3 g6 5. Bb2 Bg7 6. Be2 O-O 7. O-O c5 8. d3 Nc6
9. Qe1 d4 10. e4 Qc7 11. Qh4 h6 12. a4 Ng4 13. Bc1 Ne3 14. Bxe3 dxe3 15. c3 Be6
16. Ra3 b5 17. c4 Nd4 18. Nxd4 cxd4 19. Qe1 Rab8 20. axb5 axb5 21. f5 Bd7 22.
Qb4 gxf5 23. exf5 Bf6 24. Qe1 b4 25. Ra6 Rb6 26. Ra2 Qe5 27. g4 e6 28. Ra7 Bc8
29. fxe6 Bxe6 30. Bf3 Bd8 31. Qe2 Qg5 32. Kh1 Kh8 33. Qg2 Bc8 34. Ra8 Be6 35.
Qg3 Be7 36. h4 Qc5 37. Rxf8+ Bxf8 38. Be2 Bd6 39. Qg2 Qe5 40. Rf3 Ra6 0-1

[Event "Druga liga CS Istok 2016"]
[Site "Kragujevac"]
[Date "2016.10.07"]
[Round "8.6"]
[White "KOSTIC, Tomislav   *"]
[Black "MILIC, Slobodan"]
[Result "1-0"]
[WhiteElo "2043"]
[BlackElo "1924"]
[PlyCount "87"]
[EventDate "2016.08.26"]

1. e4 c5 2. Nf3 e6 3. d4 cxd4 4. Nxd4 a6 5. c4 Nf6 6. Nc3 Qc7 7. Be2 b6 8. Be3
Bb7 9. f3 Nc6 10. O-O Bc5 11. a3 O-O 12. b4 Bxd4 13. Bxd4 Nxd4 14. Qxd4 e5 15.
Qe3 Rab8 16. Rfd1 d6 17. Rac1 Bc8 18. Nd5 Nxd5 19. cxd5 Qd8 20. Rc6 f5 21. Rdc1
fxe4 22. fxe4 Rf4 23. g3 Rf6 24. Qc3 Bh3 25. Bxa6 Qf8 26. Be2 h5 27. Qe3 Qf7
28. Rc7 Qg6 29. Bf1 Bg4 30. Bg2 Rbf8 31. R1c3 Bf3 32. Rc8 Bxg2 33. Rxf8+ Rxf8
34. Kxg2 h4 35. Rc6 hxg3 36. hxg3 Qf7 37. Qe2 Qa7 38. Rxd6 b5 39. Re6 Qxa3 40.
Rxe5 Qxb4 41. Rf5 Rd8 42. Rf4 Qc5 43. Qg4 b4 44. Qe6+ 1-0

[Event "Druga liga CS Istok 2016"]
[Site "Kragujevac"]
[Date "2016.10.07"]
[Round "8.6"]
[White "VESELINOV, Ivica"]
[Black "KOSTIC, Marko   **"]
[Result "1/2-1/2"]
[WhiteElo "1940"]
[BlackElo "1987"]
[PlyCount "40"]
[EventDate "2016.08.26"]

1. e4 e5 2. Nf3 Nc6 3. Bc4 Bc5 4. O-O d6 5. h3 Nf6 6. Re1 Be6 7. Bb5 Qd7 8. c3
a6 9. Ba4 b5 10. Bc2 Bb6 11. d4 exd4 12. cxd4 d5 13. e5 Ng8 14. a4 b4 15. Be3
h6 16. Nbd2 Nge7 17. Nb3 g5 18. Nh2 O-O-O 19. Bd3 a5 20. Rc1 Rdg8 1/2-1/2

[Event "Druga liga CS Istok 2016"]
[Site "Kragujevac"]
[Date "2016.10.07"]
[Round "8.6"]
[White "DUBRAVCIC, Nikola   **"]
[Black "IVANOVIC, Veljko   **"]
[Result "0-1"]
[WhiteElo "1823"]
[BlackElo "1910"]
[PlyCount "114"]
[EventDate "2016.08.26"]

1. e4 c5 2. Nf3 d6 3. Bb5+ Bd7 4. Bxd7+ Qxd7 5. O-O Nc6 6. c3 Nf6 7. Re1 g6 8.
d4 cxd4 9. cxd4 Bg7 10. Nc3 O-O 11. Be3 Na5 12. Qd3 Rac8 13. b3 Nc6 14. Rac1
Nb4 15. Qd1 Rc7 16. a3 Rfc8 17. Qd2 Na6 18. Qd3 Nb8 19. h3 b6 20. Bd2 e6 21.
Rc2 d5 22. Ne5 dxe4 23. Rxe4 Qd8 24. Re2 Nd5 25. Nc4 Nxc3 26. Bxc3 Qd5 27. Bb2
Nd7 28. Rcd2 Bh6 29. Rd1 Bf4 30. Re4 Bh6 31. a4 Rd8 32. Qf3 Nc5 33. Rde1 Nxe4
34. Rxe4 Bg7 35. Qe3 b5 36. axb5 Qxb5 37. Ba3 Qa6 38. Bb4 Rxd4 39. Qg5 Rcd7 40.
Rxd4 Bxd4 41. Qh6 Bg7 42. Qf4 Qc8 43. Ne5 Rb7 44. Bd6 Qe8 45. Qf3 Rb6 46. Bc7
Rb5 47. Nc4 Rf5 48. Qe4 Rd5 49. Ne3 Rd7 50. Ba5 Qb8 51. Qc6 Qb7 52. Qc4 h6 53.
Ng4 Rd1+ 54. Kh2 h5 55. Ne3 Be5+ 56. f4 Rd4 57. Qf1 Rxf4 0-1